[Event "III Dolnoslaska Liga Szachowa 2017/2018"]
[Site "Dolny Slask"]
[Date "1899-12-30"]
[Round "3.23"]
[White "Dudek, Wojciech"]
[Black "Wrobel, Maciej"]
[Result "1/2-1/2"]
[WhiteTitle "I"]
[BlackTitle "I+"]
[WhiteElo "1810"]
[BlackElo "1974"]

1. d4 Nf6 2. Nf3 g6 3. g3 Bg7 4. Bg2 O-O 5. O-O d6 6. c4 Nbd7 7. Nc3 e5 8. e3 Re8
9. b3 exd4 10. exd4 h6 11. Bb2 a6 12. Qd2 Nf8 13. Rfe1 Bd7 14. Rxe8 Bxe8 15. Re1
Bd7 16. d5 Bg4 17. Nd4 N8h7 18. f3 Bd7 19. h4 Nh5 20. Kf2 Qf8 21. Ne4 N7f6 22.
Qc2 Nxe4+ 23. Qxe4 Qe8 24. Qc2 Qd8 25. Ne6 fxe6 26. dxe6 Bxe6 27. Rxe6 Bxb2 28.
Qxb2 Kf7 29. Bh3 Ng7 30. Re2 Qf6 31. Qd2 Re8 32. Rxe8 Kxe8 33. Qxh6 Qb2+ 34. Kg1
Qd4+ 35. Kh2 Qf2+ 36. Bg2 Kf7 37. Qf4+ Nf5 38. a4 Kg7 39. Qg5 Ne3 40. Qe7+ Kh6
41. Qf8+ 1/2-1/2

[Event "III Dolnoslaska Liga Szachowa 2017/2018"]
[Site "Dolny Slask"]
[Date "1899-12-30"]
[Round "3.24"]
[White "Olszewski, Pawel"]
[Black "Szablewski, Krzysztof"]
[Result "0-1"]
[WhiteTitle "II"]
[BlackTitle "II"]
[WhiteElo "1842"]
[BlackElo "1902"]

1. e4 c6 2. Nf3 d5 3. Nc3 Bg4 4. h3 Bh5 5. exd5 cxd5 6. Bb5+ Nc6 7. d4 e6 8. O-O
a6 9. Bxc6+ bxc6 10. Qd3 Bg6 11. Qe2 Qb6 12. Ne5 Bd6 13. a4 Ne7 14. Rd1 a5 15.
h4 h6 16. h5 Bh7 17. g4 g5 18. Re1 Bxe5 19. Qxe5 Kd7 20. Re2 Raf8 21. b3 Qb4 22.
Nd1 Qb8 23. Qf6 Nc8 24. Ba3 Nd6 25. Qf3 f5 26. Nc3 fxg4 27. Qxg4 Bf5 28. Qg3 Rf7
29. Qe5 0-1

[Event "III Dolnoslaska Liga Szachowa 2017/2018"]
[Site "Dolny Slask"]
[Date "1899-12-30"]
[Round "3.26"]
[White "Dzikowski, Michal"]
[Black "Borkowski, Franciszek"]
[Result "1/2-1/2"]
[WhiteTitle "k"]
[BlackTitle "IM"]
[WhiteElo "2147"]
[BlackElo "2286"]

1. d4 g6 2. c4 Bg7 3. Nf3 d6 4. g3 Nf6 5. Nc3 O-O 6. Bg2 c5 7. d5 e6 8. O-O exd5
9. cxd5 Re8 10. Nd2 Nbd7 11. Nc4 Ne5 12. Nxe5 Rxe5 13. e4 a6 14. a4 b6 15. Re1
Re8 16. Bg5 h6 17. Bd2 Rb8 18. f4 b5 19. axb5 axb5 20. Qc2 b4 21. Nd1 b3 22. Qc4
Bd7 23. Nf2 Qc7 24. Bc3 Nh7 25. Bxg7 Kxg7 26. Qc3+ f6 27. Bf1 Rb4 28. Ra3 Qb6
29. Ra6 Qb8 30. Rea1 Nf8 31. Bc4 Rb7 32. R6a3 Bb5 33. Bxb3 Bd7 34. R1a2 Bb5 35.
Ba4 Nd7 36. Bxb5 Rxb5 37. Ra7 Rb7 38. Qa5 Kf7 39. Qa6 Rxa7 40. Qxa7 Ke7 41. Qxb8
Rxb8 42. Kf1 Rb3 43. Ke2 c4 44. Nd1 Nc5 45. Ra7+ Kf8 46. Ra8+ Ke7 47. Ra7+ Kf8
48. Ra8+ 1/2-1/2

[Event "III Dolnoslaska Liga Szachowa 2017/2018"]
[Site "Dolny Slask"]
[Date "1899-12-30"]
[Round "3.27"]
[White "Walentukiewicz, Michal"]
[Black "Dobrzanski, Rafal"]
[Result "1-0"]
[WhiteTitle "CM"]
[BlackTitle "I"]
[WhiteElo "2011"]
[BlackElo "1946"]

1. g3 d5 2. Bg2 e5 3. c4 c6 4. Nf3 Bd6 5. O-O Bg4 6. cxd5 cxd5 7. Qb3 e4 8. Qxb7
Nd7 9. Qxd5 exf3 10. exf3 Nb6 11. Qc6+ Qd7 12. fxg4 Rc8 13. Qxd7+ Nxd7 14. Nc3
Ne7 15. d4 O-O 16. Be3 Nc6 17. Rac1 Nb6 18. Nb5 1-0

[Event "III Dolnoslaska Liga Szachowa 2017/2018"]
[Site "Dolny Slask"]
[Date "1899-12-30"]
[Round "3.28"]
[White "Pietraszko, Jakub"]
[Black "Bes, Michal"]
[Result "1/2-1/2"]
[WhiteTitle "I"]
[BlackTitle "I"]
[WhiteElo "1739"]
[BlackElo "2090"]

1. d4 d6 2. e4 e5 3. Nf3 Nd7 4. Bc4 Be7 5. dxe5 Nxe5 6. Nxe5 dxe5 7. Qh5 g6 8.
Qxe5 Nf6 9. Bh6 Qd6 10. Qxd6 cxd6 11. Nc3 Be6 12. Bxe6 fxe6 13. O-O Kf7 14. Rfe1
Rac8 15. Be3 Rc6 16. Bd4 Rhc8 17. a3 Nd7 18. f4 Bf6 19. Bxf6 Nxf6 20. e5 Ne8 21.
Rad1 d5 22. Rd4 Rc4 23. Red1 h5 24. g3 a6 25. Rxc4 Rxc4 26. Rd2 Ng7 27. Ne2 Nf5
28. c3 Rc8 29. Kf2 Rg8 30. h4 Rc8 31. Nd4 Ne7 32. Kf3 Nf5 33. Nxf5 gxf5 34. Rd3
Ke7 35. Ke3 Kd7 36. b3 b5 37. Kd2 a5 38. Kc2 Kc6 39. Kb2 Kc5 40. Kc2 Rd8 41. Rd4
Rg8 42. Rd3 Rd8 43. Kb2 Ra8 44. Rd1 Ra7 45. Rd4 Rd7 46. Kc2 Rd8 47. Kb2 b4 48.
axb4+ axb4 49. Rxb4 Rg8 50. Rb7 Rxg3 51. Rc7+ Kb5 52. Rh7 Rg2+ 53. Ka3 Rg3 54.
Rxh5 Rxc3 55. Rh8 d4 56. Rb8+ Ka6 57. Rd8 Rh3 58. Rxd4 Rxh4 59. Ka4 Kb6 60. b4
Rh8 61. Rd6+ Kc7 62. Rxe6 Rh4 63. Re7+ Kd8 64. Rf7 Rxf4 65. Kb5 Ke8 66. Rf6 Kd7
67. Kc5 Rf1 68. b5 f4 69. b6 f3 70. b7 Kc7 71. Rf7+ Kb8 72. Kc6 Rc1+ 73. Kd6 Rd1+
1/2-1/2

[Event "III Dolnoslaska Liga Szachowa 2017/2018"]
[Site "Dolny Slask"]
[Date "1899-12-30"]
[Round "3.29"]
[White "Bocko, Stanislaw"]
[Black "Pociejowski, Marek"]
[Result "0-1"]
[WhiteTitle "I"]
[BlackTitle "I++"]
[WhiteElo "1953"]
[BlackElo "1896"]

1. e4 Nf6 2. e5 Nd5 3. d4 d6 4. Nf3 dxe5 5. Nxe5 c6 6. Qf3 Be6 7. Bd2 Nd7 8. Nc3
g6 9. Bc4 N7b6 10. Bb3 Bg7 11. O-O O-O 12. Rad1 Nxc3 13. Bxc3 Bxb3 14. axb3 e6
15. Rfe1 Nd5 16. Bd2 Qf6 17. Qg3 Qf5 18. c4 Nf6 19. Bb4 Rfe8 20. h3 h5 21. Re2
a5 22. Bc3 Ne4 23. Qd3 Nxc3 24. Qxc3 Red8 25. Ra1 Qf4 26. Rxa5 Rxa5 27. Qxa5 Rxd4
28. Nf3 Rd1+ 29. Re1 Rxe1+ 30. Nxe1 Qc1 31. Kh2 Qxb2 32. Nf3 Qxb3 33. Qd8+ Bf8
34. Qd7 Qxc4 35. Qxb7 Qf4+ 36. Kg1 Qc1+ 37. Kh2 Bd6+ 38. g3 Qc5 39. Kg2 Qd5 40.
Qc8+ Kg7 41. Qd7 c5 0-1

[Event "III Dolnoslaska Liga Szachowa 2017/2018"]
[Site "Dolny Slask"]
[Date "1899-12-30"]
[Round "3.30"]
[White "Zdziarska-zareba, Lidia"]
[Black "Lascar, Radoslawa"]
[Result "0-1"]
[WhiteTitle "k+"]
[BlackTitle "I+"]
[WhiteElo "1860"]
[BlackElo "1754"]

1. e4 c5 2. Nf3 Nc6 3. d4 cxd4 4. Nxd4 e5 5. Nb5 d6 6. N1c3 a6 7. Na3 b5 8. Nd5
Nf6 9. Bg5 Be7 10. Bxf6 Bxf6 11. c4 b4 12. Nc2 a5 13. b3 Bg5 14. g3 O-O 15. f4
exf4 16. h4 Bf6 17. gxf4 Bxa1 18. Qxa1 f5 19. exf5 Bxf5 20. Nce3 Be4 21. Rh3 Ra7
22. h5 h6 23. Be2 Raf7 24. Kd2 Qe8 25. Rg3 Kh8 26. Bd3 Rb7 27. Be2 Qf7 28. Rg4
Ne7 29. Qd4 Bxd5 30. Nxd5 Nxd5 31. cxd5 Qf6 32. Qe4 Re7 33. Qg6 Qb2+ 34. Qc2 Rxe2+
0-1

[Event "III Dolnoslaska Liga Szachowa 2017/2018"]
[Site "Dolny Slask"]
[Date "1899-12-30"]
[Round "4.1"]
[White "Dmochowska, Agnieszka"]
[Black "Borkowski, Franciszek"]
[Result "1-0"]
[WhiteTitle "WCM"]
[BlackTitle "IM"]
[WhiteElo "2073"]
[BlackElo "2286"]

1. e4 c5 2. c3 e6 3. d4 d5 4. exd5 exd5 5. Be3 cxd4 6. Bxd4 Nc6 7. Bb5 Nf6 8. Bxf6
Qxf6 9. Qxd5 Be7 10. Ne2 O-O 11. O-O Rd8 12. Qe4 Bf5 13. Qa4 Bc5 14. Na3 Rd2 15.
b4 Bg4 16. bxc5 Bxe2 17. Bxe2 Rxe2 18. Qb5 Re7 19. Rac1 a6 20. Qb6 Qf4 21. Nc2
Rae8 22. Rcd1 h5 23. Ne3 Qa4 24. h3 Qxa2 25. Nf5 Re5 26. Qxb7 Rxc5 27. Nd6 Rf8
28. c4 Ne5 29. Rd5 Ra5 30. c5 Qe2 31. Qc7 Ra2 32. Nf5 Ng6 33. Ng3 Qc4 34. Rxh5
Rc2 35. Rf5 Nf4 36. Rxf4 Qxc5 37. Qxc5 Rxc5 38. Ra4 a5 39. Ne4 Re5 40. Nd6 Rd8
41. Nb7 Rb8 42. Nxa5 Re2 43. Rd4 g6 44. Nc4 Ra2 45. Rfd1 Kg7 46. Rd7 Rb4 47. Ne5
Rf4 48. R1d2 Ra1+ 49. Kh2 Ra5 50. Nc6 Raf5 51. f3 Rc4 52. Nd8 Ra4 53. Rc2 Rf6
54. Rcc7 Raf4 55. Nxf7 1-0

[Event "III Dolnoslaska Liga Szachowa 2017/2018"]
[Site "Dolny Slask"]
[Date "1899-12-30"]
[Round "4.2"]
[White "Walentukiewicz, Michal"]
[Black "Korpalski, Maciej"]
[Result "1-0"]
[WhiteTitle "CM"]
[BlackTitle "I+"]
[WhiteElo "2011"]
[BlackElo "2037"]

1. g3 Nf6 2. Bg2 g6 3. e4 d6 4. d4 Bg7 5. Nc3 O-O 6. Nge2 e5 7. O-O c6 8. a4 a5
9. h3 Re8 10. Be3 Nbd7 11. Qd2 Nb6 12. b3 exd4 13. Bxd4 d5 14. exd5 Nbxd5 15.
Nxd5 cxd5 16. Nf4 Bf5 17. g4 Ne4 18. Qd1 Qg5 19. Bxg7 Qxf4 20. Bb2 Be6 21. Qd4
f6 22. f3 Ng3 23. Rfe1 Qxd4+ 24. Bxd4 Bxg4 25. fxg4 Ne2+ 26. Rxe2 Rxe2 27. Bxd5+
Kg7 28. g5 Rxc2 29. Rf1 Rac8 30. gxf6+ Kf8 31. f7 Re2 32. Bxb7 Rcc2 33. Bg7+ Kxg7
34. Qf8# 1-0

[Event "III Dolnoslaska Liga Szachowa 2017/2018"]
[Site "Dolny Slask"]
[Date "1899-12-30"]
[Round "4.3"]
[White "Mazurek, Bartosz"]
[Black "Zombirt, Filip"]
[Result "0-1"]
[WhiteTitle "II+"]
[BlackTitle "I+"]
[WhiteElo "1757"]
[BlackElo "1929"]

1. d4 Nf6 2. Nf3 g6 3. c4 Bg7 4. Nc3 c5 5. d5 e6 6. dxe6 dxe6 7. Qxd8+ Kxd8 8.
g3 Nc6 9. Bg2 h6 10. O-O Ke7 11. Rd1 Rd8 12. Bf4 Ne8 13. Na4 e5 14. Rxd8 Kxd8
15. Rd1+ Kc7 16. Bc1 b6 17. Nc3 Be6 18. b3 Rd8 19. Rxd8 Kxd8 20. Ng5 hxg5 21.
Bxc6 g4 22. f3 gxf3 23. Bxf3 f5 24. e4 Nd6 25. Kf2 Kd7 26. Bd2 Bf6 27. h4 f4 28.
Ne2 fxg3+ 29. Kxg3 b5 30. cxb5 Nxb5 31. Bg4 Nd6 32. Nc3 Bd8 33. Bxe6+ Kxe6 34.
a3 Ba5 35. Kf3 a6 36. Nb1 Bd8 37. Be1 Nb5 38. Kg4 Nd4 39. b4 Nc2 40. Bd2 cxb4
41. axb4 Be7 42. h5 gxh5+ 43. Kxh5 Nxb4 44. Kg4 Nc2 45. Bc3 Bb4 46. Kf3 Kd6 47.
Ke2 Nd4+ 48. Kd3 Bxc3 49. Nxc3 Kc5 50. Na4+ Kb4 51. Nb6 a5 52. Nc4 Nc6 53. Nd2
a4 54. Kc2 a3 55. Kb1 Kc3 56. Nf3 Nb4 57. Ka1 a2 0-1

[Event "III Dolnoslaska Liga Szachowa 2017/2018"]
[Site "Dolny Slask"]
[Date "1899-12-30"]
[Round "4.4"]
[White "Bienias, Piotr"]
[Black "Szczuraszyk, Jaroslaw"]
[Result "0-1"]
[WhiteTitle "I++"]
[BlackTitle "II+"]
[WhiteElo "1920"]
[BlackElo "1740"]

1. e4 c5 2. Nf3 Nc6 3. Bb5 Nf6 4. d3 Qa5+ 5. Nc3 Nd4 6. Bc4 b5 7. Bb3 Nxb3 8. cxb3
e6 9. O-O h6 10. e5 b4 11. Ne4 Nd5 12. Nfd2 Nb6 13. f4 Qb5 14. Qf3 Rb8 15. f5
d5 16. exd6 exf5 17. Nc4 Nxc4 18. dxc4 Qb6 19. Bf4 fxe4 20. Qxe4+ Be6 21. d7+
Kxd7 22. Rad1+ Kc8 23. Bxb8 Kxb8 24. Rd3 Bd6 25. Rfd1 Bc7 26. Qh4 Qc6 27. a3 a5
28. axb4 axb4 29. Qf2 Be5 30. Qd2 Qc7 31. h3 Bd4+ 32. Rxd4 cxd4 33. Qxb4+ Kc8
34. Ra1 Rd8 35. Qb5 Qb7 36. Qc5+ Kb8 37. Ra5 d3 38. Rb5 d2 39. Rxb7+ Kxb7 40.
Qb5+ Kc7 41. Qa5+ Kc8 0-1

[Event "III Dolnoslaska Liga Szachowa 2017/2018"]
[Site "Dolny Slask"]
[Date "1899-12-30"]
[Round "4.6"]
[White "Klykow, Lukasz"]
[Black "Dzikowski, Michal"]
[Result "1-0"]
[WhiteTitle "k"]
[BlackTitle "k"]
[WhiteElo "2181"]
[BlackElo "2147"]

1. e4 c6 2. d4 d5 3. f3 Qb6 4. a4 a5 5. exd5 cxd5 6. Nc3 Nf6 7. Bb5+ Nc6 8. Nge2
e6 9. O-O Bd6 10. Kh1 Bd7 11. Bg5 h6 12. Bxf6 gxf6 13. Qe1 O-O-O 14. Qh4 f5 15.
Qf6 Be7 16. Qxf7 Rdf8 17. Qh5 Be8 18. Qh3 Nxd4 19. Nxd4 Qxd4 20. Rfe1 Qf6 21.
Bxe8 Rxe8 22. Qg3 Bc5 23. f4 Rhg8 24. Qf3 Bb4 25. Re2 Bxc3 26. bxc3 Qg7 27. Rb1
Qc7 28. Rb5 Qc4 29. Rxa5 b6 30. Ra7 Kb8 31. Rh7 Rh8 32. Rxh8 Rxh8 33. Qe3 Ka7
34. a5 Rb8 35. Re1 Ka6 36. Qxe6 Qxc3 37. axb6 Rxb6 38. Qe8 Ka7 39. Qa4+ Kb8 40.
Re8+ Kc7 41. Qa7+ 1-0

[Event "III Dolnoslaska Liga Szachowa 2017/2018"]
[Site "Dolny Slask"]
[Date "1899-12-30"]
[Round "4.7"]
[White "Pietraszko, Jakub"]
[Black "Stelmaszuk, Maciej"]
[Result "1/2-1/2"]
[WhiteTitle "I"]
[BlackTitle "I"]
[WhiteElo "1739"]
[BlackElo "1929"]

1. d4 c5 2. e3 d5 3. Nf3 Nc6 4. b3 g6 5. Bb2 Bg7 6. Nbd2 cxd4 7. exd4 Nf6 8. Be2
O-O 9. O-O Bf5 10. Nh4 Bd7 11. g3 Qb6 12. c3 Rac8 13. Ng2 Bf5 14. Ne3 Be4 15.
Nxe4 dxe4 16. Qd2 Rfd8 17. Nc4 Qc7 18. Qe3 e5 19. dxe5 Nxe5 20. Qxa7 Nxc4 21.
Bxc4 Rd2 22. Bc1 Rc2 23. Bf4 Qd7 24. Rfd1 Qe7 25. Rac1 Rxc1 26. Rxc1 Rd8 27. Qa5
Ng4 28. Qc7 Qxc7 29. Bxc7 Rd2 30. Bb6 Ne5 31. a4 1/2-1/2

[Event "III Dolnoslaska Liga Szachowa 2017/2018"]
[Site "Dolny Slask"]
[Date "1899-12-30"]
[Round "4.8"]
[White "Wrobel, Maciej"]
[Black "Pociejowski, Marek"]
[Result "1-0"]
[WhiteTitle "I+"]
[BlackTitle "I++"]
[WhiteElo "1974"]
[BlackElo "1896"]

1. e4 Nf6 2. Nc3 d5 3. e5 Nfd7 4. d4 e6 5. f4 c5 6. Nf3 Nc6 7. Be3 cxd4 8. Nxd4
Bc5 9. Qd2 a6 10. O-O-O Qc7 11. g4 Nxd4 12. Bxd4 Bxd4 13. Qxd4 Qc5 14. Bg2 Qxd4
15. Rxd4 O-O 16. Re1 f6 17. exf6 Nxf6 18. h3 g6 19. Na4 Kf7 20. Nb6 Rb8 21. c4
Rd8 22. cxd5 Nxd5 23. Nxd5 exd5 24. Bxd5+ Kf8 25. Re5 Bd7 26. f5 gxf5 27. gxf5
Bc6 28. Kd2 Bxd5 29. Rexd5 Rxd5 30. Rxd5 Ke7 31. Ke3 Rc8 32. Rd4 Rc2 33. Rb4 b5
34. a4 bxa4 35. Rxa4 Rxb2 36. Rxa6 Rb3+ 37. Kf4 Rxh3 38. Kg5 Rh1 39. Ra7+ Kf8
40. Kf6 Rh6+ 41. Ke5 Rh1 42. Ke6 Re1+ 43. Kf6 Re8 44. Rxh7 Kg8 45. Rg7+ Kf8 46.
Ra7 Rb8 47. Kg6 Rb6+ 48. f6 Rb8 49. Rh7 Kg8 50. f7+ 1-0

[Event "III Dolnoslaska Liga Szachowa 2017/2018"]
[Site "Dolny Slask"]
[Date "1899-12-30"]
[Round "4.9"]
[White "Rutkowski, Bartlomiej"]
[Black "Olszewski, Pawel"]
[Result "1/2-1/2"]
[WhiteTitle "II"]
[BlackTitle "II"]
[WhiteElo "1494"]
[BlackElo "1842"]

1. e4 e5 2. Nf3 Nc6 3. d4 exd4 4. Bc4 Nf6 5. e5 d5 6. Bb5 Ne4 7. O-O Bd7 8. Bxc6
bxc6 9. Nxd4 c5 10. Ne2 Bc6 11. f3 Ng5 12. Nf4 Be7 13. Nh5 O-O 14. f4 Ne4 15.
Qg4 g6 16. Nc3 d4 17. Nxe4 Bxe4 18. f5 Qd5 19. f6 Bd8 20. Qg5 Kh8 21. Nf4 Qd7
22. Qh6 Rg8 23. Nh3 Qg4 24. g3 Qh5 25. Qxh5 gxh5 26. Bh6 Re8 27. Rae1 Bd5 28.
Nf4 Be6 29. Nxh5 c6 30. Ng7 Bb6 31. Nxe8 Rxe8 32. Rf4 c4 33. Kg2 Rd8 34. g4 d3
35. cxd3 cxd3 36. Ra4 Bd4 37. Rb4 c5 38. Ra4 Rd7 39. Ra6 c4 40. Rd6 Bxb2 41. Rxd7
Bxd7 42. Kf3 Bc3 43. Rb1 Bxe5 44. h3 c3 45. Rb4 Bc6+ 46. Kf2 d2 47. Bxd2 cxd2
48. Ke2 d1=Q+ 49. Kxd1 Bxf6 50. Ke2 Kg7 51. Rb3 Kg6 52. Ra3 Bd4 53. Ra5 Bb6 54.
Rh5 h6 55. Kd3 Bg2 56. a4 f5 57. a5 Bxa5 58. Rxf5 Bb6 59. h4 Bh3 60. h5+ Kg7 61.
Rf4 Bg2 62. Kc4 Bc7 63. Rd4 Bf1+ 64. Kd5 Kf6 65. Kc6 Be5 66. Rd8 Bf4 67. Rg8 Bg5
68. Rf8+ Ke5 69. Rxf1 a5 70. Rf5+ Ke4 71. Rxa5 Kf4 72. Ra4+ Kg3 73. Kd5 Bf4 74.
Ke6 Kxg4 75. Rxf4+ Kxf4 76. Kf6 Ke4 77. Kg6 Ke5 78. Kxh6 Kf6 79. Kh7 Kf7 1/2-1/2

[Event "III Dolnoslaska Liga Szachowa 2017/2018"]
[Site "Dolny Slask"]
[Date "1899-12-30"]
[Round "4.10"]
[White "Miarecka, Natalia"]
[Black "Zdziarska-zareba, Lidia"]
[Result "0-1"]
[WhiteTitle "II"]
[BlackTitle "k+"]
[WhiteElo "1002"]
[BlackElo "1860"]

1. e4 b6 2. d4 Bb7 3. Nc3 e6 4. d5 exd5 5. Nxd5 c6 6. Nc3 Bb4 7. Bd2 Qe7 8. Bd3
Nf6 9. Qe2 O-O 10. Nh3 c5 11. O-O Nc6 12. a3 Nd4 13. Qe3 Bxc3 14. Bxc3 Ne6 15.
Rfe1 Rac8 16. b3 d5 17. e5 d4 18. exf6 Qxf6 19. Bxd4 Nxd4 20. Qe7 Nf3+ 21. gxf3
Qxf3 22. Be4 Bxe4 23. Rxe4 Qxh3 24. Qxa7 Qc3 25. Rae1 Rc6 26. Re8 Rg6+ 27. Kf1
Qh3+ 28. Ke2 Rxe8+ 29. Kd2 Rd6+ 30. Kc1 Rxe1+ 31. Kb2 Re8 32. Qc7 Qd7 33. Qxd7
Rxd7 34. Kc3 Re2 35. Kc4 Rxc2+ 36. Kb5 Rb2 37. Kc4 b5+ 38. Kxb5 Rxb3+ 39. Kxc5
Rxa3 40. Kc6 Rd1 41. Kb5 Rc3 42. Kb4 Rc8 43. Kb3 Rb1+ 44. Ka2 Rb7 45. f4 Ra8#
0-1

[Event "III Dolnoslaska Liga Szachowa 2017/2018"]
[Site "Dolny Slask"]
[Date "1899-12-30"]
[Round "4.11"]
[White "Dowgird, Filip"]
[Black "Pyka, Roman"]
[Result "1-0"]
[WhiteTitle "k"]
[BlackTitle "I++"]
[WhiteElo "2259"]
[BlackElo "1957"]

1. Nf3 Nf6 2. g3 d5 3. Bg2 Bf5 4. d3 c6 5. O-O e6 6. Nbd2 h6 7. b3 Nbd7 8. Bb2
Bc5 9. a3 O-O 10. Qe1 Qc7 11. e4 Bh7 12. e5 Ne8 13. Qe2 a5 14. c4 dxc4 15. bxc4
Qb6 16. Bc3 Be7 17. Rfb1 Qc7 18. Ne4 Nc5 19. Nxc5 Bxc5 20. a4 Rd8 21. Rd1 Bb4
22. Bb2 Qe7 23. d4 Nc7 24. Ne1 Rd7 25. Nc2 Bxc2 26. Qxc2 Rfd8 27. Qb3 Kf8 28.
Rd3 Kg8 29. Rad1 Kf8 30. h4 Kg8 31. Kh2 Kf8 32. f4 Kg8 33. Qc2 Kf8 34. Qe2 Na6
35. Qe4 Kg8 36. Bh3 g6 37. h5 Kg7 38. Qe2 Nc7 39. Qf3 Kh7 40. g4 Rg8 41. f5 gxh5
42. f6 Qf8 43. gxh5 Qb8 44. Bc1 Bf8 45. Qe4+ Kh8 46. Rb3 Ne8 47. Bf4 Qd8 48. Bf1
Rg4 49. Bd3 1-0

[Event "III Dolnoslaska Liga Szachowa 2017/2018"]
[Site "Dolny Slask"]
[Date "1899-12-30"]
[Round "4.12"]
[White "Gromczak, Dariusz"]
[Black "Dobrowolski, Aleksander"]
[Result "0-1"]
[WhiteTitle "I+"]
[BlackTitle "m"]
[WhiteElo "1943"]
[BlackElo "2272"]

1. e4 c5 2. Nc3 Nc6 3. Bb5 Nd4 4. Bc4 e6 5. Nf3 Nf6 6. O-O a6 7. a4 d5 8. exd5
exd5 9. Re1+ Be7 10. Be2 Nxe2+ 11. Qxe2 d4 12. Ne4 O-O 13. Nxf6+ Bxf6 14. d3 b6
15. Bf4 Bb7 16. Nd2 Qd5 17. f3 Bc6 18. Nc4 Rae8 19. Qd2 b5 20. axb5 axb5 21. Rxe8
Rxe8 22. Nd6 Re6 23. Ne4 Be7 24. b3 h6 25. Qa5 f5 26. Ng3 g5 27. Bd2 h5 28. Re1
Rxe1+ 29. Bxe1 h4 30. Nf1 h3 31. Qd2 hxg2 32. Qxg2 Qxf3 33. Qxf3 Bxf3 34. Ng3
f4 35. Nf5 Bf8 36. h3 Bh5 37. Bf2 Bg6 38. Nxd4 cxd4 39. Bxd4 Kf7 40. Kf2 Ke6 41.
Bb6 Bg7 0-1

[Event "III Dolnoslaska Liga Szachowa 2017/2018"]
[Site "Dolny Slask"]
[Date "1899-12-30"]
[Round "4.13"]
[White "Kwiecinski, Marian"]
[Black "Dudek, Wojciech"]
[Result "0-1"]
[WhiteTitle "k"]
[BlackTitle "I"]
[WhiteElo "2177"]
[BlackElo "1810"]

1. e4 c6 2. Nf3 d5 3. Nc3 dxe4 4. Nxe4 Bf5 5. Ng3 Bg6 6. h4 h6 7. Ne5 Bh7 8. Bc4
e6 9. d4 Bd6 10. Qe2 Ne7 11. c3 O-O 12. Nxf7 Rxf7 13. Qxe6 Nd5 14. Bxd5 cxd5 15.
Qxd5 Qe8+ 16. Ne2 Qc6 17. Qxc6 Nxc6 18. Be3 Bd3 19. Rd1 Bh7 20. a3 Re8 21. b4
b5 22. Kd2 Ne7 23. a4 Be4 24. axb5 Bxg2 25. Rhg1 Bf3 26. Ra1 Bxe2 27. Kxe2 Nd5
28. Kd3 Rc8 29. Ra3 Rfc7 30. Bd2 Rf8 31. Ra6 Bf4 32. Be1 Rfc8 33. Ke4 Rd8 0-1

[Event "III Dolnoslaska Liga Szachowa 2017/2018"]
[Site "Dolny Slask"]
[Date "1899-12-30"]
[Round "4.14"]
[White "Szablewski, Krzysztof"]
[Black "Helaszek, Edward"]
[Result "0-1"]
[WhiteTitle "II"]
[BlackTitle "k"]
[WhiteElo "1902"]
[BlackElo "1996"]

1. f4 g6 2. Nf3 Bg7 3. d4 d6 4. e3 Nd7 5. Bc4 Ngf6 6. c3 O-O 7. O-O b6 8. Qb3 e6
9. Nbd2 d5 10. Bd3 Bb7 11. Ne5 c5 12. Qd1 Ne4 13. Qf3 f5 14. h3 Nxe5 15. fxe5
Bh6 16. Bb5 a6 17. Ba4 Qh4 18. Bd7 Qe7 19. Ba4 Rad8 20. Kh2 f4 21. Nxe4 dxe4 22.
Qe2 f3 23. gxf3 exf3 24. Qf2 Bg5 25. Qg3 Bh4 26. Qg4 f2 27. Bb3 Bd5 28. Bxd5 Rxd5
29. e4 Rd7 30. Be3 Kg7 31. Rad1 h5 32. Qg2 Qf7 33. Rd2 Qf3 34. Qxf3 Rxf3 35. Bxf2
cxd4 36. Kg2 Rxf2+ 37. Rfxf2 Bxf2 38. Kxf2 Rf7+ 39. Ke2 dxc3 40. bxc3 Rc7 41.
Rd3 g5 42. Kd2 Rc4 43. Ke3 Kg6 44. Kf3 b5 45. h4 gxh4 46. Kf4 Rc7 47. Rd6 Rf7+
48. Ke3 h3 49. Rxe6+ Kg5 50. Rd6 h2 0-1

[Event "III Dolnoslaska Liga Szachowa 2017/2018"]
[Site "Dolny Slask"]
[Date "1899-12-30"]
[Round "4.16"]
[White "Piotrowski, Przemyslaw"]
[Black "Koszkul, Wojciech"]
[Result "1-0"]
[WhiteTitle "k+"]
[BlackTitle "I++"]
[WhiteElo "2305"]
[BlackElo "2035"]

1. d4 d5 2. Nf3 Nf6 3. g3 Bf5 4. Bg2 e6 5. O-O Bd6 6. c4 c6 7. Nc3 O-O 8. Nh4 Bg4
9. h3 Bh5 10. f4 Nfd7 11. Qe1 Be7 12. Nf3 Bxf3 13. Bxf3 f5 14. Bd2 Nf6 15. c5
Na6 16. Rb1 Nc7 17. b4 Qe8 18. a4 a6 19. e3 Ne4 20. Bxe4 dxe4 21. Qe2 Qg6 22.
Kf2 Qh6 23. h4 Qg6 24. b5 Rfb8 25. bxc6 bxc6 26. Rb6 Rxb6 27. cxb6 Nd5 28. b7
Rf8 29. Nxd5 exd5 30. Rb1 Bd6 31. Qxa6 Qg4 32. Qe2 Qh3 33. Qf1 Qg4 34. Qd1 Qh3
35. Qh1 Qg4 36. Bb4 Bxb4 37. Rxb4 Rb8 38. a5 c5 39. a6 cxd4 40. Rxd4 1-0

[Event "III Dolnoslaska Liga Szachowa 2017/2018"]
[Site "Dolny Slask"]
[Date "1899-12-30"]
[Round "4.17"]
[White "Kmiecik, Wojciech"]
[Black "Kanicki, Krzysztof"]
[Result "1/2-1/2"]
[WhiteTitle "I+"]
[BlackTitle "k"]
[WhiteElo "1957"]
[BlackElo "2089"]

1. d4 Nf6 2. Nf3 g6 3. c4 Bg7 4. Nc3 O-O 5. e4 d6 6. Be2 e5 7. O-O Nc6 8. d5 Ne7
9. b4 a5 10. bxa5 Rxa5 11. a4 c5 12. dxc6 Nxc6 13. Ba3 Nd4 14. Bb4 Nxe2+ 15. Qxe2
Ra6 16. Rfd1 Qe7 17. Ra2 Be6 18. Rad2 Ne8 19. a5 Rc6 20. Nd5 Qd8 21. h4 Bh6 22.
Nxe5 Bxd2 23. Rxd2 Ra6 24. Nf3 Rxa5 25. Bxa5 Qxa5 26. Rb2 Nc7 27. Ra2 Qc5 28.
Nf6+ Kh8 29. Qb2 Qxc4 30. Ra7 Qb5 31. Qa1 Na6 32. Nd7+ Kg8 33. Nxf8 Kxf8 34. Qf6
Qb1+ 35. Kh2 Ke8 36. Ra8+ Kd7 37. Rd8+ Kc7 38. Qe7+ Kb6 39. Qxd6+ Ka5 40. Qd2+
Qb4 41. Qc2 Qc4 42. Qd2+ Qb4 43. Qg5+ Qc5 44. Qd2+ Qb4 1/2-1/2

[Event "III Dolnoslaska Liga Szachowa 2017/2018"]
[Site "Dolny Slask"]
[Date "1899-12-30"]
[Round "4.18"]
[White "Marko, Piotr"]
[Black "Lipien, Wieslaw"]
[Result "0-1"]
[WhiteTitle "I"]
[BlackTitle "I++"]
[WhiteElo "1819"]
[BlackElo "2036"]

1. e4 c5 2. Nf3 d6 3. d4 cxd4 4. Nxd4 Nf6 5. Nc3 a6 6. Bg5 e6 7. f4 Be7 8. Qf3
Qc7 9. O-O-O Nbd7 10. g4 b5 11. Bxf6 gxf6 12. Re1 Bb7 13. Bg2 Nb6 14. Qd3 Qc4
15. Qd2 b4 16. Nd5 Nxd5 17. exd5 Bxd5 18. b3 Qc5 19. Bxd5 Qxd5 20. Qxb4 O-O 21.
Rhg1 a5 22. Qd2 a4 23. Nf5 Qxd2+ 24. Kxd2 Bd8 25. Ne3 axb3 26. axb3 Ba5+ 27. c3
Rfc8 28. Nc4 Bc7 29. Nb2 d5 30. Rgf1 Ra2 31. Kc2 Ba5 32. b4 Bxb4 33. Kb3 Rxb2+
34. Kxb2 Bxc3+ 35. Kb3 Bxe1 36. Rxe1 Rc4 37. Rf1 Kg7 38. h3 Re4 39. Rf3 e5 40.
f5 d4 41. Kc4 Re1 42. Rg3 h6 43. h4 Rc1+ 44. Kd5 Rc3 45. Rg1 Re3 46. Kc4 d3 47.
Kc3 e4 48. Rg2 Kf8 49. Rf2 Ke7 50. Kd4 Re2 51. Rf1 d2 0-1

[Event "III Dolnoslaska Liga Szachowa 2017/2018"]
[Site "Dolny Slask"]
[Date "1899-12-30"]
[Round "4.19"]
[White "Guziewicz, Wojciech"]
[Black "Dytman, Radoslaw"]
[Result "1/2-1/2"]
[WhiteTitle "I"]
[BlackTitle "I"]
[WhiteElo "1792"]
[BlackElo "1681"]

1. e4 e5 2. Nc3 Nf6 3. Bc4 c6 4. d3 a5 5. a4 Na6 6. Nf3 d6 7. Ng5 d5 8. exd5 cxd5
9. Bb5+ Bd7 10. Qe2 Bd6 11. O-O O-O 12. Bxd7 Qxd7 13. Nb5 Rfe8 14. b3 d4 15. Ba3
Bxa3 16. Nxa3 Nd5 17. Nc4 Nab4 18. Ne4 f5 19. Ng3 Nf4 20. Qd2 Qc6 21. f3 Qf6 22.
Rf2 b6 23. Re1 Re6 24. Ne2 Nbd5 25. Kh1 Rae8 26. g3 Nh3 27. Rff1 h5 28. Ng1 Nxg1
29. Rxg1 e4 30. fxe4 fxe4 31. Ref1 Qg6 32. dxe4 Qxe4+ 33. Qg2 Qxg2+ 34. Kxg2 Re2+
35. Rf2 Ne3+ 36. Nxe3 R8xe3 37. Rgf1 g6 38. Rxe2 Rxe2+ 39. Rf2 Re6 40. Rd2 Rc6
41. Kf3 Rc3+ 42. Ke4 d3 43. Rxd3 Rxc2 44. Rd6 Kf7 45. Rxb6 Rxh2 46. Rb5 Re2+ 47.
Kf4 Rf2+ 48. Kg5 Rf3 49. Rb7+ Ke6 50. Kxg6 Rxg3+ 51. Kxh5 Kd6 52. Kh4 Rc3 53.
Kg5 Rc5+ 54. Kf4 Kc6 55. Rb8 Kc7 56. Rb5 Rxb5 57. axb5 Kb6 58. Ke3 Kxb5 59. Kd3
Kb4 60. Kc2 a4 1/2-1/2

[Event "III Dolnoslaska Liga Szachowa 2017/2018"]
[Site "Dolny Slask"]
[Date "1899-12-30"]
[Round "4.20"]
[White "Rogacka, Natalia"]
[Black "Kmiecik, Emilia"]
[Result "1/2-1/2"]
[WhiteTitle "I"]
[BlackTitle "I+"]
[WhiteElo "1558"]
[BlackElo "1797"]

1. e4 c5 2. Nf3 d6 3. d4 cxd4 4. Nxd4 Nf6 5. Nc3 a6 6. Be2 g6 7. Be3 Bg7 8. f3
b5 9. a3 Bb7 10. Qd2 h5 11. h4 Nbd7 12. Bd3 Ne5 13. Qe2 Qc7 14. O-O O-O 15. Rad1
Rac8 16. Qf2 Nxd3 17. cxd3 Qd7 18. Nde2 a5 19. b3 b4 20. axb4 axb4 21. Na4 Rc2
22. Rd2 Rxd2 23. Bxd2 Qb5 24. d4 Ba6 25. Re1 Rc8 26. Rc1 Rxc1+ 27. Nxc1 Nd7 28.
Kh1 Nb8 29. d5 Nd7 30. Qe1 Nc5 31. Bxb4 Nxa4 32. bxa4 Qxa4 33. Bc3 Qc4 34. Bxg7
Kxg7 35. Qe3 Bb5 36. Nb3 e6 37. dxe6 fxe6 38. Nd2 Qc5 39. Qe1 Qc3 40. Qf2 Qc5
1/2-1/2